British -American tobacco company limited

সংরক্ষণ করুন:
গ্রন্থ-পঞ্জীর বিবরন
প্রধান লেখক: Dobson, Richard
বিন্যাস: গ্রন্থ
ভাষা:Undetermined
প্রকাশিত: London Deloitte 1976
বিষয়গুলি:
ট্যাগগুলো: ট্যাগ যুক্ত করুন
কোনো ট্যাগ নেই, প্রথমজন হিসাবে ট্যাগ করুন!
Thư viện lưu trữ: Trung tâm Học liệu Trường Đại học Cần Thơ
LEADER 00471nam a2200181Ia 4500
001 CTU_77422
008 210402s9999 xx 000 0 und d
082 |a 338.8 
082 |b D635 
100 |a Dobson, Richard 
245 0 |a British -American tobacco company limited 
245 0 |c Richard Dobson 
260 |a London 
260 |b Deloitte 
260 |c 1976 
650 |a Tobacco 
904 |i Trọng Hải 
980 |a Trung tâm Học liệu Trường Đại học Cần Thơ